|
|
|
|
| LEADER |
00000nam0a2200000 4500 |
| 001 |
257633 |
| 005 |
20231101233224.0 |
| 020 |
|
|
|a RU
|b 88-4835
|
| 035 |
|
|
|a (RuTPU)RU\TPU\book\280448
|
| 090 |
|
|
|a 257633
|
| 100 |
|
|
|a 20140418d1987 k y0rusy5003 ca
|
| 101 |
0 |
|
|a rus
|
| 102 |
|
|
|a RU
|
| 105 |
|
|
|a y z 000zy
|
| 200 |
1 |
|
|a Эффективность и интенсификация непроизводственной сферы
|f В. Е. Комаров, В. Д. Улановская
|
| 210 |
|
|
|a Москва
|c Экономика
|d 1987
|
| 215 |
|
|
|a 156,[2] с.
|
| 606 |
1 |
|
|a Непроизводственная сфера
|x Экономика
|2 stltpush
|3 (RuTPU)RU\TPU\subj\36505
|9 57859
|
| 606 |
1 |
|
|a Социальная ориентация экономики
|2 stltpush
|3 (RuTPU)RU\TPU\subj\36951
|9 58143
|
| 610 |
1 |
|
|a Непроизводственная сфера - СССР
|
| 610 |
1 |
|
|a материальное благосостояние
|
| 610 |
1 |
|
|a жизненный уровень
|
| 610 |
1 |
|
|a эффективность
|
| 610 |
1 |
|
|a интенсификация
|
| 610 |
1 |
|
|a сфера услуг
|
| 610 |
1 |
|
|a материально-культурное развитие
|
| 686 |
|
|
|a У9(2)49
|2 rubbk
|
| 686 |
|
|
|a У9(2)0-94
|2 rubbk
|
| 700 |
|
1 |
|a Комаров
|b В. Е.
|g Василий Ефимович
|
| 701 |
|
1 |
|a Улановская
|b В. Д.
|g Вера Даниловна
|
| 801 |
|
0 |
|a RU
|b RuMRKP
|c 19950417
|g psbo
|
| 801 |
|
1 |
|a RU
|b 63413507
|c 20140418
|
| 801 |
|
2 |
|a RU
|b 63413507
|c 20141014
|g RCR
|
| 942 |
|
|
|c BK
|